Представление документа в формате MARC21

Поле Инд. ПП Название Значение
Тип записи a
Библиографический уровень m
001 Контрольный номер RU/IS/BASE/345214330
005 Дата корректировки 20230224090658.0
040 b Код языка каталог. rus
041 0_ a Код языка текста rus
080 a Индекс УДК 004.42
084 a Индекс другой классификации/Индекс ББК 32.973.26-018.2
090 a Полочн. индекс 681.3
x Авторский знак М54
097 b Оператор 11
245 10 a Заглавие Методы параллельного микропрограммирования
c Ответственность П. А. Анишев [и др.] ; под ред. О. Л. Бандман
260 a Место издания Новосибирск
b Издательство Наука
c Дата издания 1981
300 a Объем 180 с.
b Иллюстрации/ тип воспроизводства ил.
510 0_ a Примечание о ссылках Книги и методические пособия
650 04 a Основная рубрика 50.05 Теоретические основы программирования
x Основная подрубрика 50.05.13 Технология программирования. Автоматизация программирования
653 0_ a Ключевые слова цифровые вычислительные машины; программирование
901 t Тип документа m